San Francisco Giants Retired Numbers - Statistics

General Stats
  • This quiz has been taken 49 times
  • The average score is 9 of 14
Answer Stats
Number Years Played Position Answer % Correct
#24 1951-1973 OF Willie Mays
100%
#25 1986-2007 OF Barry Bonds
93%
#44 1959-1980 1B Willie McCovey
91%
#27 1960-1975 P Juan Marichal
79%
#22 1986-2000 1B Will Clark
79%
#4 1926-1947 OF Mel Ott
65%
None 1900-1916 P Christy Mathewson
60%
#42 1947-1956 1B/SS/2B Jackie Robinson
58%
#36 1962-1983 P Gaylord Perry
51%
#30 1958-1974 1B Orlando Cepeda
51%
None 1902-1923 Manager John McGraw
42%
#11 1928-1943 P Carl Hubbell
40%
#3 1923-1936 1B Bill Terry
28%
#20 1938-1956 OF Monte Irvin
23%
No matching quizzes found
Score Distribution
Percent of People with Each Score
Percentile by Number Answered
Your Score History
You have not taken this quiz